000 00428 a2200145 4500
022 _a8171796311
082 _a362.1
090 _c1221
_d1221
100 _aGupta,l Shakti
245 _aHospital and health Care Administration
_bApprisal and Referral Treaties
_cShakti Gupta
_hSunil Kant
260 _aNew Delhi
_bJAYPEE Brothers Medical Publishers
_c1998
300 _a296
500 _ahard cover
942 _aNBS
_cBK
_k362.1 GUP
999 _c343749
_d343749